000 01095nam a2200229Ia 4500
003 OSt
005 20210429161531.0
008 210310s2007 ck grl 000 0 spa d
020 _a978958350596X
040 _aCO-JMCR
_cCO-JMCR
041 0 _aspa
082 0 4 _a348.02 /
_bO771c
_223
100 1 _aOrtega Torres, Jorge,
_eautor
_98922
245 1 0 _aConstitución Política de Colombia /
_cJorge Ortega Torres
260 _aBogotá :
_bTemis,
_c2007.
300 _a304 páginas ;
_c16 cm, +
_e1 CD_ROM.
490 0 _aCódigos de bolsillo Temis.
505 0 _aDe los principios fundamentales. -- De los habitantes y del territorio. -- De la organización del estado.-- De la rama legislativa. -- De la rama ejecutiva. -- De la rama judicial. -- De las elecciones y de la organización electoral. -- De los organismos de control. -- De la organización territorial. -- Del régimen económico y de la Hacienda Pública. -- De la reforma de la constitución.
650 1 4 _aConstitución Política
_zColombia
_937258
650 2 4 _aDerechos fundamentales
_zColombia
_937259
942 _2ddc
_cBK
999 _c11575
_d11575